[Event "Asia-ch Blitz U20 Girls"]
[Site "Jamshedpur"]
[Date "2023.09.15"]
[Round "2"]
[White "Sanudula, KM Dahamdi"]
[Black "Ivanova, Anastasia2222"]
[Result "1/2-1/2"]
[WhiteElo "1556"]
[BlackElo "1893"]
[PlyCount "135"]
[EventDate "2023.09.15"]
[EventType "swiss (blitz)"]
[EventRounds "9"]
[EventCountry "IND"]
[SourceTitle "EXT 2024"]
[Source "ChessBase"]
[SourceDate "2023.10.10"]
[SourceVersion "1"]
[SourceVersionDate "2023.10.10"]
[SourceQuality "1"]

1. d4 Nf6 2. e3 d5 3. Bd3 g6 4. Nd2 Bg7 5. f4 b6 6. Ngf3 Bb7 7. 0-0 Nbd7 8. Ne5 c5 9. c3 Ne4 10. Bb5 Nef6 11. Qa4 a6 12. Bd3 0-0 13. Qd1 Ne4 14. Qf3 Nxd2 15. Bxd2 Nf6 16. g4 Ne4 17. Qe2 Qc8 18. h3 Ng3 19. Qg2 Nxf1 20. Rxf1 Qc7 21. Be1 Rad8 22. Bg3 e6 23. f5 Qe7 24. Qf2 f6 25. Nf3 gxf5 26. gxf5 e5 27. Bc2 e4 28. Nh4 Kh8 29. Kh2 Rg8 30. Qe2 Qf7 31. Rg1 Bh6 32. Bd1 Bc8 33. Qf2 Rg7 34. Bg4 Bg5 35. Ng2 Rdg8 36. Qe2 Bh6 37. Nh4 Bg5 38. Ng2 Bd7 39. Nf4 Bxf4 40. Bxf4 Bxf5 41. Bh6 Rg6 42. Bh5 Qc7+ 43. Bf4 Qf7 44. Bxg6 Rxg6 45. Rxg6 Bxg6 46. Qxa6 cxd4 47. exd4 Qe6 48. Qe2 Qc6 49. Qf2 Qc4 50. Bh6 Qc7+ 51. Qf4 Qxf4+ 52. Bxf4 Be8 53. Bh6 Kg8 54. Kg3 Kf7 55. Bf4 Bd7 56. h4 h5 57. Bc7 b5 58. Kf4 Ke7 59. Bb6 Bc8 60. Bc5+ Kd7 61. Bf8 Ke8 62. Bc5 Be6 63. Bb4 Kd8 64. Bc5 Kd7 65. Bb4 Bg4 66. a3 Be6 67. Bc5 Bg4 68. Bb4 1/2-1/2

[Event "Titled Tuesday intern op 25th Jul Early"]
[Site "Chess.com INT"]
[Date "2023.07.25"]
[Round "5"]
[White "Astafurov, Arseniy"]
[Black "Sanudula, KM Dahamdi"]
[Result "1-0"]
[WhiteElo "2263"]
[BlackElo "1669"]
[PlyCount "81"]
[EventDate "2023.07.25"]
[EventType "swiss (blitz)"]
[EventRounds "11"]
[EventCountry "USA"]
[SourceTitle "EXT 2024"]
[Source "ChessBase"]
[SourceDate "2023.10.10"]
[SourceVersion "1"]
[SourceVersionDate "2023.10.10"]
[SourceQuality "1"]

1. c4 Nf6 2. Nc3 e6 3. e4 b6 4. e5 Ng8 5. Qf3 Nc6 6. Qg3 Nge7 7. Bd3 Bb7 8. Nf3 Nb4 9. Bb1 g6 10. a3 Nbc6 11. d4 Bg7 12. h4 d5 13. h5 dxc4 14. h6 Bf8 15. 0-0 Nf5 16. Bxf5 exf5 17. d5 Ne7 18. Bg5 Qd7 19. Rad1 0-0-0 20. Bf6 Rg8 21. d6 cxd6 22. exd6 Nc6 23. Bxd8 Qxd8 24. Ng5 Qd7 25. Nxh7 Bxh6 26. Nf6 f4 27. Qf3 Qd8 28. d7+ Kb8 29. Nxg8 Qxg8 30. d8Q+ Nxd8 31. Qh3 Bg7 32. Qd7 Nc6 33. Rfe1 Be5 34. Rxe5 Nxe5 35. Qd6+ Ka8 36. Qxe5 a6 37. Qd6 Qg7 38. Qxb6 Qf6 39. Rd8+ Qxd8 40. Qxd8+ Ka7 41. Qd4+ 1-0

[Event "Titled Tuesday intern op 20th Jun Early"]
[Site "Chess.com INT"]
[Date "2023.06.20"]
[Round "8"]
[White "Sanudula, KM Dahamdi"]
[Black "Vafin, Ayrat"]
[Result "0-1"]
[WhiteElo "1727"]
[BlackElo "2302"]
[PlyCount "60"]
[EventDate "2023.06.20"]
[EventType "swiss (blitz)"]
[EventRounds "11"]
[EventCountry "USA"]
[SourceTitle "EXT 2024"]
[Source "ChessBase"]
[SourceDate "2023.10.10"]
[SourceVersion "1"]
[SourceVersionDate "2023.10.10"]
[SourceQuality "1"]

1. d4 d5 2. e3 Nf6 3. Bd3 Bg4 4. f3 Bh5 5. Nd2 e6 6. c3 Bd6 7. Qb3 b6 8. f4 0-0 9. Ngf3 c5 10. Qd1 cxd4 11. cxd4 Nc6 12. 0-0 Nb4 13. Bb1 Rc8 14. a3 Nc6 15. Qe1 Bxf3 16. Nxf3 Na5 17. Bd3 Ne4 18. Ne5 Nb3 19. Bd2 Nexd2 20. Rf2 Nxa1 21. Qxd2 Nb3 22. Qd1 Rc1 23. Qxc1 Nxc1 24. h3 Bxe5 25. Kh2 Nxd3 26. fxe5 Nxf2 27. Kg3 Ne4+ 28. Kh2 Qh4 29. g3 Qxg3+ 30. Kh1 Nf2# 0-1

[Event "Titled Tuesday intern op 23rd May Early"]
[Site "Chess.com INT"]
[Date "2023.05.23"]
[Round "11"]
[White "Jakubowska, Anna"]
[Black "Sanudula, KM Dahamdi"]
[Result "1/2-1/2"]
[WhiteElo "2139"]
[BlackElo "1677"]
[PlyCount "176"]
[EventDate "2023.05.23"]
[EventType "swiss (blitz)"]
[EventRounds "11"]
[EventCountry "USA"]
[SourceTitle "CBM 214 Extra"]
[Source "ChessBase"]
[SourceDate "2023.07.31"]
[SourceVersion "1"]
[SourceVersionDate "2023.07.31"]
[SourceQuality "1"]

1. e4 d5 2. exd5 Qxd5 3. Nc3 Qa5 4. Bc4 Nf6 5. d4 Bf5 6. Nge2 e6 7. 0-0 c6 8. Ng3 Bg6 9. Bd2 Be7 10. Nd5 Qd8 11. Nxe7 Qxe7 12. a3 0-0 13. Bb4 Qd7 14. Bxf8 Kxf8 15. c3 b5 16. Bd3 Na6 17. Bxg6 hxg6 18. Qf3 Rd8 19. Rad1 Nc7 20. Rfe1 Ncd5 21. Ne4 Nxe4 22. Qxe4 Nb6 23. h3 Nc4 24. Qe2 Qd6 25. Rd3 a5 26. Red1 a4 27. Rf3 Kg8 28. Re1 Qe7 29. Qe4 Nd2 30. Qxc6 Nxf3+ 31. Qxf3 Qg5 32. Kh2 Qd2 33. Re2 Qd1 34. Qe3 Qb3 35. Qe5 Rd5 36. Qb8+ Kh7 37. Qe8 Rf5 38. Qc6 Qd1 39. Qe4 Rg5 40. Qh4+ Rh5 41. Qg4 Rf5 42. Re5 Qc2 43. Qh4+ Kg8 44. Rxf5 gxf5 45. Qd8+ Kh7 46. Qd7 Qxb2 47. Qxf7 Qxf2 48. Qxe6 Qf4+ 49. Kg1 Qc1+ 50. Kf2 Qf4+ 51. Ke1 Qc1+ 52. Ke2 Qc2+ 53. Kf1 Qc1+ 54. Qe1 Qxa3 55. Qh4+ Kg8 56. Qd8+ Qf8 57. Qd5+ Kh7 58. Qxb5 a3 59. Qa5 Kh8 60. Kg1 Qe7 61. Qxf5 a2 62. Qh5+ Kg8 63. Qd5+ Qf7 64. Qa8+ Kh7 65. d5 a1Q+ 66. Qxa1 Qxd5 67. Qb1+ Kh8 68. Qc2 Qc5+ 69. Kh1 Qe5 70. Qd2 Qf5 71. Qd8+ Kh7 72. Qd2 Qf1+ 73. Kh2 Qf5 74. g4 Qe5+ 75. Kg2 Qe4+ 76. Kf2 Qh1 77. Qd3+ Kh8 78. c4 Qh2+ 79. Ke1 Qh1+ 80. Kd2 Qh2+ 81. Kc3 Qe5+ 82. Qd4 Qg3+ 83. Kb4 Qb8+ 84. Kc3 Qg3+ 85. Qd3 Qe5+ 86. Kb3 Qb8+ 87. Kc2 Qh2+ 88. Kc3 Qe5+ 1/2-1/2

[Event "Titled Tuesday intern op 23rd May Early"]
[Site "Chess.com INT"]
[Date "2023.05.23"]
[Round "10"]
[White "Sanudula, KM Dahamdi"]
[Black "Srdanovic, Jovana"]
[Result "0-1"]
[WhiteElo "1677"]
[BlackElo "2058"]
[PlyCount "76"]
[EventDate "2023.05.23"]
[EventType "swiss (blitz)"]
[EventRounds "11"]
[EventCountry "USA"]
[SourceTitle "CBM 214 Extra"]
[Source "ChessBase"]
[SourceDate "2023.07.31"]
[SourceVersion "1"]
[SourceVersionDate "2023.07.31"]
[SourceQuality "1"]

1. d4 d5 2. e3 c5 3. c3 cxd4 4. exd4 Nc6 5. f4 Nf6 6. Nf3 Ne4 7. Bd3 Bg4 8. Qe2 f5 9. h3 Bxf3 10. Qxf3 e6 11. 0-0 Bd6 12. Nd2 0-0 13. Qe2 Qf6 14. Qe1 Rae8 15. Nf3 h6 16. Ne5 Bxe5 17. fxe5 Qe7 18. Bxe4 fxe4 19. Be3 Na5 20. b3 Nc6 21. Qg3 Rxf1+ 22. Rxf1 Rf8 23. Bxh6 Rxf1+ 24. Kxf1 b5 25. Bg5 Qf7+ 26. Kg1 b4 27. Be3 bxc3 28. Qe1 c2 29. Qd2 Qe7 30. Qxc2 Nb4 31. Qc8+ Kh7 32. a3 Nd3 33. a4 Qb4 34. Kh2 Qe1 35. Bg5 Qf2 36. Qxe6 Ne1 37. Qg4 Nf3+ 38. Qxf3 exf3 0-1

[Event "Asia zt 3.2 (Women)"]
[Site "Dhaka"]
[Date "2023.05.06"]
[Round "5"]
[White "Sanudula, KM Dahamdi"]
[Black "Hamid, Rani"]
[Result "1/2-1/2"]
[WhiteElo "1677"]
[BlackElo "1800"]
[PlyCount "132"]
[EventDate "2023.05.02"]
[EventType "tourn"]
[EventRounds "9"]
[EventCountry "BAN"]
[SourceTitle "CBM 215 Extra"]
[Source "ChessBase"]
[SourceDate "2023.09.30"]
[SourceVersion "1"]
[SourceVersionDate "2023.09.30"]
[SourceQuality "1"]

1. d4 Nf6 2. e3 e6 3. Bd3 c5 4. c3 d5 5. Nd2 Nbd7 6. f4 Bd6 7. Ngf3 cxd4 8. cxd4 0-0 9. 0-0 b6 10. Ne5 Bb7 11. Qf3 g6 12. g4 Be7 13. Qg2 Ne8 14. Qh3 Nd6 15. Qh6 Bf6 16. b3 Bg7 17. Qh3 f5 18. Ba3 Nf6 19. gxf5 exf5 20. Ndf3 Re8 21. Ng5 a5 22. Rac1 a4 23. Bxd6 Qxd6 24. Bb5 Re7 25. bxa4 Rc7 26. Qg2 Rac8 27. Qb2 Ng4 28. Qd2 Qe7 29. Ngf3 Qa3 30. Rxc7 Rxc7 31. Nxg4 fxg4 32. Ne5 Bc8 33. Nd3 Bf5 34. Rc1 Rxc1+ 35. Nxc1 Bf8 36. Bd3 Qxa4 37. Bxf5 gxf5 38. Kf2 Qe8 39. Ne2 Qe4 40. Ng3 Qb1 41. Kg2 Bb4 42. Qe2 Ba5 43. a4 Be1 44. Qb5 Qc2+ 45. Kh1 Bxg3 46. Qxd5+ Kf8 47. Qd6+ Ke8 48. Qe6+ Kd8 49. Qxb6+ Kd7 50. Qb7+ Kd6 51. Qb6+ Kd7 52. Qb7+ Ke8 53. hxg3 Qd1+ 54. Kh2 Qc2+ 55. Qg2 Qxa4 56. e4 Qxd4 57. exf5 h5 58. Qc6+ Kf8 59. Qh6+ Kg8 60. Qe6+ Kf8 61. Qh6+ Kg8 62. Qe6+ Kf8 63. Qe2 Qc5 64. Qd3 Qf2+ 65. Kh1 Ke7 66. Qe4+ Kf8 1/2-1/2